00298nam a2200073Ia 4500082002300000245010900023100005100132008004100183 aST 305.800968 VERS 0aOp die spoor van tradisie : 'n praktiese hulpmiddel vir die onderrig van inheemse kennis [graad 8 en 9]  a VERSFELD, Ruth Claremont, 2001 1ste uitg 210817s9999 xx 000 0 und d